COMPUTER FOR NURSES MADE EASY (Record no. 2096)
[ view plain ]
| 000 -LEADER | |
|---|---|
| fixed length control field | 00345nam a2200145Ia 4500 |
| 008 - FIXED-LENGTH DATA ELEMENTS--GENERAL INFORMATION | |
| fixed length control field | 150201s2007 xx 000 0 und d |
| 082 ## - DEWEY DECIMAL CLASSIFICATION NUMBER | |
| Classification number | 621.38195 |
| Item number | C07S |
| 100 ## - MAIN ENTRY--PERSONAL NAME | |
| Personal name | SINGH , KARANBIR |
| 245 ## - TITLE STATEMENT | |
| Title | COMPUTER FOR NURSES MADE EASY |
| 250 ## - EDITION STATEMENT | |
| Edition statement | 1ST |
| 260 ## - PUBLICATION, DISTRIBUTION, ETC. (IMPRINT) | |
| Name of publisher, distributor, etc. | JAYPEE |
| Place of publication, distribution, etc. | DELHI |
| Date of publication, distribution, etc. | 2007 |
| 300 ## - PHYSICAL DESCRIPTION | |
| Extent | 193 |
| 650 ## - SUBJECT ADDED ENTRY--TOPICAL TERM | |
| Topical term or geographic name as entry element | COMPUTER |
| 942 ## - ADDED ENTRY ELEMENTS (KOHA) | |
| Source of classification or shelving scheme | Dewey Decimal Classification |
| Koha item type | Books |
| Koha issues (borrowed), all copies | 3 |
| Withdrawn status | Lost status | Source of classification or shelving scheme | Damaged status | Not for loan | Collection code | Home library | Current library | Shelving location | Date acquired | Source of acquisition | Cost, normal purchase price | SGTU | Bill Number | Total Checkouts | Full call number | Barcode | Date last seen | Date last checked out | Bill Date | Koha item type |
|---|---|---|---|---|---|---|---|---|---|---|---|---|---|---|---|---|---|---|---|---|
| Dewey Decimal Classification | NURSING | SGT Medical Library | SGT Medical Library | Text Book | 28/01/2013 | NBM DELHI | 200.00 | SGTU | 1345 | 4 | 621.38195 C07S | FN866 | 03/03/2021 | 02/03/2021 | 28/01/2013 | Books | ||||
| Dewey Decimal Classification | NURSING | SGT Medical Library | SGT Medical Library | Text Book | 28/01/2013 | NBM DELHI | 200.00 | SGTU | 1345 | 2 | 621.38195 C07S | FN867 | 29/01/2020 | 23/01/2020 | 28/01/2013 | Books | ||||
| Dewey Decimal Classification | NURSING | SGT Medical Library | SGT Medical Library | Text Book | 28/01/2013 | NBM DELHI | 200.00 | SGTU | 1345 | 3 | 621.38195 C07S | FN868 | 05/12/2020 | 26/11/2020 | 28/01/2013 | Books | ||||
| Dewey Decimal Classification | NURSING | SGT Medical Library | SGT Medical Library | Text Book | 28/01/2013 | NBM DELHI | 200.00 | SGTU | 1345 | 8 | 621.38195 C07S | FN869 | 15/04/2024 | 04/04/2024 | 28/01/2013 | Books | ||||
| Dewey Decimal Classification | NURSING | SGT Medical Library | SGT Medical Library | Text Book | 28/01/2013 | NBM DELHI | 200.00 | SGTU | 1345 | 5 | 621.38195 C07S | FN870 | 19/04/2023 | 31/03/2023 | 28/01/2013 | Books |